| 000 | 00746nam a2200253Ia 4500 | ||
|---|---|---|---|
| 999 |
_c56487 _d56487 |
||
| 001 | 23600 | ||
| 003 | GE_BSU | ||
| 005 | 20191007162039.0 | ||
| 008 | 181216s2008||||en |||||||||||||| ||eng|| | ||
| 020 | _a9780810995123 | ||
| 040 | _cGE_BSU | ||
| 041 | _aeng | ||
| 080 | _a721 A-71 | ||
| 245 |
_aArchitecture: A World History / _cDaniel Borden ; Jerzy Elzanowski ; Cornelia Lawrenz. |
||
| 260 |
_bNew York : _aHarry N. Abrams _c2008. |
||
| 300 |
_a510 p. : _b ill .: _c 17 cm. |
||
| 653 | _aArchitecture: A World History | ||
| 653 | _aАрхитектура | ||
| 653 | _aარქიტექტურა | ||
| 700 |
_aBorden, Daniel. _94595 |
||
| 700 |
_aElzanowski, Jerzy _94596 |
||
| 700 |
_aLawrenz, Cornelia _94597 |
||
| 942 |
_cBK _2udc |
||